[Event "Srpska Republic-ch 23rd"]
[Site "Banja Luka"]
[Date "2024.11.23"]
[Round "5"]
[White "Gazic, Petar"]
[Black "Lendic, Goran"]
[Result "0-1"]
[WhiteElo "1818"]
[BlackElo "1996"]
[PlyCount "64"]
[EventDate "2024.11.21"]
[EventType "swiss"]
[EventRounds "7"]
[EventCountry "BIH"]
[SourceTitle "CB48_2024"]
[SourceDate "2024.11.28"]
[SourceVersion "1"]
[SourceVersionDate "2024.11.28"]
[SourceQuality "1"]

1. e4 c5 2. Nf3 e6 3. d4 cxd4 4. Nxd4 Nc6 5. Nc3 Qc7 6. Be3 Nf6 7. f4 d6 8. Be2 a6 9. Qd2 Be7 10. 0-0 Bd7 11. a3 0-0 12. f5 Ne5 13. Nf3 Nfg4 14. Nxe5 Nxe5 15. Bd4 Rac8 16. Bxe5 dxe5 17. Bg4 Rfd8 18. Qe1 Qb6+ 19. Kh1 Qxb2 20. Rf3 Qxc2 21. Ra2 Qb3 22. Nd5 Qxa2 23. Nxe7+ Kh8 24. Nxc8 Rxc8 25. Rd3 Bb5 26. Qc3 Re8 27. Rd2 Qb1+ 28. Rd1 Qxe4 29. Bf3 Qa4 30. Qxe5 exf5 31. Qxf5 Bc6 32. Qxf7 Qxd1+ 0-1

[Event "Srpska Republic-ch 23rd"]
[Site "Banja Luka"]
[Date "2024.11.22"]
[Round "3"]
[White "Gavrilovic, Sofija"]
[Black "Lendic, Goran"]
[Result "0-1"]
[WhiteElo "1522"]
[BlackElo "1996"]
[PlyCount "76"]
[EventDate "2024.11.21"]
[EventType "swiss"]
[EventRounds "7"]
[EventCountry "BIH"]
[SourceTitle "CB48_2024"]
[SourceDate "2024.11.28"]
[SourceVersion "1"]
[SourceVersionDate "2024.11.28"]
[SourceQuality "1"]

1. e4 c5 2. Nf3 e6 3. d4 cxd4 4. Nxd4 Nc6 5. Nc3 Qc7 6. Be2 Nf6 7. 0-0 Be7 8. Be3 0-0 9. Qd2 a6 10. a3 b5 11. b4 Bb7 12. Rac1 Rac8 13. f4 d6 14. Ndxb5 axb5 15. Nxb5 Qb8 16. Nc3 Rfd8 17. Bb6 Re8 18. b5 Nd8 19. Bf3 d5 20. e5 Ne4 21. Bxe4 dxe4 22. Rfe1 Bxa3 23. Rcd1 Bb4 24. Re3 Bd5 25. Bd4 Bxc3 26. Rxc3 Rxc3 27. Qxc3 Qxb5 28. Ra1 Nc6 29. Qd2 Nxd4 30. Qxd4 h6 31. Rc1 Rc8 32. Qd2 Qc5+ 33. Qf2 e3 34. Qe2 Bc4 35. Qf3 e2+ 36. Qf2 Qa3 37. Re1 Qc3 38. Rc1 Qd2 0-1